Desafíos en la capacitación electoral y educación ciudadana de sectores específicos: grupos de edad, género y etnia /

Guardado en:
Bibliografiske detaljer
Hovedforfatter: Cojtí Cuxil, Demetrio
Format: Texto
Tags: Tilføj Tag
Ingen Tags, Vær først til at tagge denne postø!

MARC

LEADER 00000 a a2200000 04500
001 4338
003
040
100 |a Cojtí Cuxil, Demetrio  
245 |a Desafíos en la capacitación electoral y educación ciudadana de sectores específicos:   |b grupos de edad, género y etnia /  |c Demetrio Cojtí Cuxil 
773 |g número 44; páginas 93-107  
999 |c 27493  |d 27493